书目信息 |
| 题名: |
中华人民共和国新刑法实务全书
|
|
| 作者: | ;最高人民检察院办公厅全国人大内务司法委员会司法室编写 审定 | |
| 分册: | ||
| 出版信息: | 北京 红旗出版社 1997 |
|
| 页数: | 1581页 | |
| 开本: | 26cm | |
| 丛书名: | ||
| 单 册: | ||
| 中图分类: | D924.05 | |
| 科图分类: | ||
| 主题词: | 刑法--中国--手册 | |
| 电子资源: | ||
| ISBN: | 7-5051-0109-9 | |
| 000 | 00975nam0 2200217 45 | |
| 001 | 0197032481 | |
| 005 | 20061101163322.98 | |
| 010 | @a7-5051-0109-9@b精装@d¥298 | |
| 100 | @a19970926d1997 kemy0chiy0121 ea | |
| 101 | 0 | @achi |
| 102 | @aCN@b110000 | |
| 105 | @ay n 000yy | |
| 200 | 10 | @a中华人民共和国新刑法实务全书@Azhong hua ren min gong he guo xin xing fa shi wu quan shu@f最高人民检察院办公厅全国人大内务司法委员会司法室编写 审定@Fzui gao ren min jian cha yuan ban gong ting quan guo ren da nei wu si fa wei yuan hui si fa shi bian xie shen ding |
| 210 | @a北京@c红旗出版社@d1997 | |
| 215 | @a1581页@d26cm | |
| 517 | 1 | @a新刑法实务全书@Axin xing fa shi wu quan shu |
| 606 | @a刑法@y中国@x手册 | |
| 690 | @aD924.05@v3 | |
| 711 | 0 | @a最高人民检察院办公厅全国人大内务司法委员会司法室编写 审定@Azui gao ren min jian cha yuan ban gong ting quan guo ren da nei wu si fa wei yuan hui si fa shi bian xie shen ding |
| 801 | 0 | @aCN@bTSSF@c20061101 |
| 905 | @a10447@dD924.05@e151 | |
| 中华人民共和国新刑法实务全书/最高人民检察院办公厅全国人大内务司法委员会司法室编写 审定.-北京:红旗出版社,1997 |
| 1581页;26cm |
| ISBN 7-5051-0109-9(精装):¥298 |
| ● |
| 相关链接 |
|
|
|
|
正题名:中华人民共和国新刑法实务全书
索取号:D924.05/151
 
预约/预借
| 序号 | 登录号 | 条形码 | 馆藏地/架位号 | 状态 | 备注 |
| 1 | 0274025 | 002060245 | 第一样本阅览室/ [索取号:D924.05/151] | 在馆 |